000 00654nam a2200241Ia 4500
003 OSt
005 20220918212251.0
006 a|||||r|||| 00| 0
007 ta
008 220917b |||||||| |||| 00| 0 eng d
024 _a128,102
037 _cTextual
040 _aARTS
_cARTS
_beng
041 _2eng
_aeng
082 _aX.1(Y:4).N, K8;L5
100 _aBognar Jozsef
_9123207
245 0 _aEconomic policy and planning in developing countries
260 _aBudapest
_bAkademiai
_c1975
300 _a627p.
_ccm.
650 _aECONOMICS
942 _hX.1(Y:4).N, K8;L5
_cTEXL
_2CC
999 _c251240
_d251240